Analýza hlavních hedgeových strategií

Rozdiel medzi výberovým a systematickým manažérom. Technická a fundamentálna analýza. Manažér hedgeových fondov.

Salvato in:
Dettagli Bibliografici
Autore principale: Stanovský, Zdeněk
Natura: Capitolo di libro
Lingua:ceco
Soggetti:
Tags: Aggiungi Tag
Nessun Tag, puoi essere il primo ad aggiungerne!!

MARC

LEADER 00000nla$a2200000$$$4500
001 0052131
005 20231121080755.6
041 0 |a cze 
044 |a SK 
245 1 0 |a Analýza hlavních hedgeových strategií  |c Zdeněk Stanovský 
520 |a Rozdiel medzi výberovým a systematickým manažérom. Technická a fundamentálna analýza. Manažér hedgeových fondov. 
610 2 0 |a hedging 
610 2 0 |a manažéri 
610 2 0 |a trhy 
610 2 0 |a nástroje finančné 
610 2 0 |a analýza fundamentálna 
610 2 0 |a analýza systémová 
100 1 |a Stanovský, Zdeněk